000 00955nam a2200301 a 4500
001 000007129
003 DO-SdBNP
005 20180321085904.0
007 000007129
008 090717s2006 dr a 000 0 spa d
020 _a9993485039
040 _aBPMSU
_bspa
_cBPMSU
082 4 _a923.27293
_bD812C, 2006
100 1 _aCassá, Roberto,
_d1948-
245 1 0 _aJuan Pablo Duarte :
_bel padre de la patria /
_cRoberto Cassá.
250 _a2a ed.
260 _aSanto Domingo :
_bTobogán,
_c2006
_eAlfa & Omega
300 _a55 p. :
_bil. ;
_c21 cm.
490 0 _aBiografías dominicanas Tobogán
504 _aBibliografía: p. 55
650 4 _aDUARTE Y DIEZ, JUAN PABLO,
_d1813-1876
651 4 _aREPÚBLICA DOMINICANA
_xHISTORIA
_y1844-1930
830 0 _aBiografías dominicanas Tobogán
910 _aValidado. Control de calidad BNPHU
942 _2ddc
_cBK
945 _aInventariado, 2017/MFF
956 _aVMATEO
_b30
_c20150324
_lBPMSU
_h0069
999 _c7411
_d7411